LEADER 01393nam a2200337 a 4500 001 000000127366 003 CaOOAMICUS 005 20120130094457.0 008 120130s2011 enk u000 u eng r 020 $z9780415572491* 040 $aPUL$bita 082 04$a342.08 245 00$aLaw and religion in public life :$bthe contemporary debate /$cedited by Nadirsyah Hosen and Richard Mohr. 260 $aLondon ;$aNew York :$bRoutledge,$cİ2011. 300 $aix, 274 p. ;$c21 cm 500 $aInclude indice. 504 $aBibliografia p. 246-268. 650 4$aDiritto e religione.$0(OLS)http://pul/subject/20548 700 1 $aMohr, Richard.$0(OLS)http://pul/name/81240 700 1 $aHosen, Nadirsyah.$0(OLS)http://pul/name/81241 850 $aPUL 852 $aPUL$W1$xSL Diritto e Scienze Sociali 3$y79$m342. 08 HOSNA 1$j147349$qDDC 21$B145983$CPULBib$Z2$F145983 $H118239 $82 941 1 $a9 960 $aDiritto ecclesiastico$920548 960 $aDiritto ecclesiastico$920548 960 $aReligione e diritto$920548 996 $6020$z9780415572491*$9(OLS)http://pul/number/148706 996 $6082$a342.08$9(OLS)http://pul/classification/716 996 $6245$aLaw and religion in public life :$bthe contemporary debate$9(OLS)http://pul/title/160935 996 $6260$aLondon ;$aNew York :$bRoutledge$9(OLS)http://pul/publisher/52469 LEADER 01148nam a2200253 u 4500 001 000000058663 003 CaOOAMICUS 005 20070226120721.0 008 010611s1977 vc u000 u lat u 035 $a10892114 040 $aPUL(R)$bita 245 00$aSchema canonum libri I de normis generalibus. 246 3 $aDe normis generalibus 260 $a[Civitas Vaticana] :$bTypis polyglottis vaticanis,$c1977. 300 $a57 p. ;$c27 cm 500 $aIn testa al front.: "Pontificia Commissio Codici Iuris Canonici Recognoscendo". 650 4$aDiritto canonico.$0(OLS)http://pul/subject/1294 710 2 $aPontificia Commissio Codici Iuris Canonici Recognoscendo.$0(OLS)http://pul/name/2849 850 $aPUL 852 $aPUL$W1$xSL Diritto Canonico 3$y77$m262. 99 CAN.2 1.8$j76612$nBK-PRI$b $qDDC 21$B76612$CPULBib$Z2$F76612 $H60309 $82 941 1 $a9 996 $6245$aSchema canonum libri I de normis generalibus$9(OLS)http://pul/title/78588 996 $6246$aDe normis generalibus$9(OLS)http://pul/title/78589 996 $6260$a[Civitas Vaticana] :$bTypis polyglottis vaticanis$9(OLS)http://pul/publisher/69675